Economic reforms and beyond / (Record no. 124615)

MARC details
000 -LEADER
fixed length control field 00745nam a22002417a 4500
003 - CONTROL NUMBER IDENTIFIER
control field dpl
005 - DATE AND TIME OF LATEST TRANSACTION
control field 20170124105941.0
008 - FIXED-LENGTH DATA ELEMENTS--GENERAL INFORMATION
fixed length control field 161212b xxu||||| |||| 00| 0 eng d
010 ## - LIBRARY OF CONGRESS CONTROL NUMBER
LC control number A-791578
020 ## - INTERNATIONAL STANDARD BOOK NUMBER
Terms of availability 120.00
International Standard Book Number 8170060508
035 ## - SYSTEM CONTROL NUMBER
System control number A-791578
037 ## - SOURCE OF ACQUISITION
Source of stock number/acquisition Cen Lib/Ret
040 ## - CATALOGING SOURCE
Original cataloging agency DPL
Language of cataloging EN
Transcribing agency TIT
082 ## - DEWEY DECIMAL CLASSIFICATION NUMBER
Classification number 338.954
Item number RAJ
100 ## - MAIN ENTRY--PERSONAL NAME
Personal name Rajeev, P. V
9 (RLIN) 6537
245 ## - TITLE STATEMENT
Title Economic reforms and beyond /
Statement of responsibility, etc by P. V. Rajeev
260 ## - PUBLICATION, DISTRIBUTION, ETC. (IMPRINT)
Place of publication, distribution, etc New Delhi
Name of publisher, distributor, etc Asian Publishing Services
Date of publication, distribution, etc 1996
270 ## - ADDRESS
Address 243, Defence Colony Flyover Market
City New Delhi
Postal code 110024
300 ## - PHYSICAL DESCRIPTION
Extent vi,96
Dimensions 20cmHb)
650 ## - SUBJECT ADDED ENTRY--TOPICAL TERM
Topical term or geographic name as entry element Structural adjustment (Economic policy)
9 (RLIN) 11380
650 ## - SUBJECT ADDED ENTRY--TOPICAL TERM
Topical term or geographic name as entry element Economic history
9 (RLIN) 6496
942 ## - ADDED ENTRY ELEMENTS (KOHA)
Source of classification or shelving scheme Dewey Decimal Classification
Koha item type English Books
Classification part 338.954
Call number suffix RAJ
Holdings
Withdrawn status Lost status Damaged status Not for loan Home library Current library Date acquired Source of acquisition Cost, normal purchase price Total Checkouts Full call number Barcode Date last seen Copy number Cost, replacement price Price effective from Koha item type Public note
Written off       Central Library Central Library 17/06/2015 Cen Lib/Ret 120.00   338.954 RAJ A-791578 17/06/2015 1 120.00 17/06/2015 English Books Written off on approval by DLB (By Circulation); dtd 15-06-2023

© Delhi Public Library
Hit Counter
free hit counter